01630 2200433 4500001002100000005001500021035002000036007000300056008004100059020002200100040002200122082001500144084001700159090002100176090002200197100002400219245036900243250002600612300004000638650002600678700003600704700002500740700003100765700003700796700003400833700002700867700003100894700002900925700003400954700002800988700002601016850001201042041000801054264003801062336002101100337003001121338002301151990002201174INLIS00000000084714520190513104457 a0010-0519000480ta190513s2018 yoia fr ind d a978-602-51707-7-5 aYOPDYOGbinderda04223a297.77 a297.77 Nur a aDEP 297.77 Nur a aCB-D.11 2018-22330 aNurhasanahepenulis10aAnchor assessment :bassessmen praktis dalam bimbingan dan konseling islam bidang karir, pendidikan dan masyarakat /cpenulis, Nurhasanah, Siti Nurhikmah Fauziah, Ainis Nur M, Rafi'Nur K, Sifak Adkhaning Fauziah, Okti Inayatur Rohmah, Novi Nurlaili, Arina Rijki Aulia, Hani Lidyananda, Hani'ah Dwi Agustina, Arini K Effiah, Mahida Zahra; editor, Moh. Khoerul Anwar aCetakan pertama, 2018 aviii, 297 halaman :btabel ;c24 cm 4aPendidikan, Konseling0 aSiti Nurhikmah Fauziahepenulis0 aAinis Nur Mepenulis0 aMoh. Khoerul Anwareeditor0 aSifak Adkhaning Fauziahepenulis0 aOkti Inayatur Rohmahepenulis0 aNovi Nurlailiepenulis0 aArina Rijki Auliaepenulis0 aHani Lidyanandaepenulis0 aHani'ah Dwi Agustinaepenulis0 aArini K Effiahepenulis0 aMahida Zahraepenulis aYOPDYOG0 aind31aYogyakarta :bLintas Nalar,c2018 2rdacontentateks 2rdamediaatanpa perantara 2rdacarrieravolume aCB-D.11/2018-2233